Gnarly Lyrics - Statistics

General Stats
  • This quiz has been taken 21 times
  • The average score is 253 of 283
Answer Stats
Answer % Correct
be
100%
(Gnarly)
100%
everything
100%
(Gnarly)
100%
gnarly)
100%
gnarly
100%
(gnarly)
100%
Gnarly
100%
is
100%
my
100%
of
100%
a
94%
beat
94%
Boba
94%
chicken
94%
copy
94%
describe
94%
Fried
94%
God
94%
I'm
94%
"I'm
94%
Jealous
94%
know?
94%
Obvi
94%
obvi
94%
Oh
94%
one
94%
real?
94%
shit
94%
Shit
94%
single
94%
so
94%
Takis
94%
Tea
94%
the
94%
They
94%
they
94%
This
94%
this
94%
with
94%
word
94%
You
94%
you
94%
bag
88%
congratulations
88%
could
88%
(gang,
88%
gang)
88%
"Gang"
88%
gang
88%
going
88%
Hills
88%
Hollywood
88%
Hottie
88%
hottie
88%
in
88%
Like
88%
like
88%
mansion?
88%
me
88%
new
88%
out
88%
song
88%
Tesla
88%
to
88%
tonight
88%
we're
88%
Yeah,
88%
bitch
81%
Don''t
81%
dumb
81%
(Everything's
81%
everything's
81%
Everything's
81%
for
81%
(fucking
81%
Fucking
81%
fucking
81%
Making
81%
na
81%
Na
81%
not"
81%
session
81%
talk
81%
view
81%
you're
81%
beats
75%
boring
75%
partyin
75%
tryna
75%
lit
69%
song's
69%
that
69%
Now
63%
(uh-huh)
19%
No matching quizzes found
Score Distribution
Percent of People with Each Score
Percentile by Number Answered
Your Score History
You have not taken this quiz